[Event "the 4th english slow knockout "]
[Site "SchemingMind.com"]
[Date "2019.03.30"]
[Round "-"]
[White "Helga1946"]
[Black "anne"]
[Result "1-0"]
[WhiteCountry "GER"]
[BlackCountry "GER"]
[WhiteElo "2235"]
[WhiteRD "64"]
[BlackElo "2077"]
[BlackRD "88"]
[GameID "439789"]

1. c4 e5 2. Nc3 Nf6 3. d4 exd4 4. Qxd4 Nc6 5. Qe3+ Be7 6. Nd5 O-O 7. Bd2 Nxd5 8. cxd5 Nb4 9. Qb3 a5 10. Nf3 a4
11. Qc4 b5 12. Qe4 f5 13. Qb1 a3 14. e3 Nxd5 15. b4 c6 16. Qb3 Qb6 17. Bd3 Kh8 18. O-O Ra4 19. Qc2 Nxb4 20. Bxb4 Rxb4
21. Bxf5 Qc7 22. Qd3 g6 23. Qc3+ Rf6 24. Bd3 Rb2 25. Ng5 d5 26. Rab1 b4 27. Qd4 Rd2 28. Qh4 Bd8 29. Bxg6 Rxg6 30. Qxb4 Rxg5
31. Qxd2 Bh3 32. g3 Bf6 33. Rfe1 Bb2 34. e4 Qd8 35. exd5 Qxd5 36. Qxd5 Rxd5 37. Re7 Rd2 38. Ra7 Re2 39. Rc7 Be6 40. Rd1 Bd5
41. Ra7 Re8 42. f4 Bxa2 43. Rd3 Bd5 44. Kf2 Rb8 45. Raxa3 Bxa3 46. Rxa3 Rb2+ 47. Ke3 Rxh2 48. Kd4 Kg7 49. Ke5 Re2+ 50. Kd4 Kg6
51. Ra7 h5 52. Rd7 Re4+ 53. Kd3
1-0

[Event "the 4th english slow knockout "]
[Site "SchemingMind.com"]
[Date "2019.03.30"]
[Round "-"]
[White "anne"]
[Black "Helga1946"]
[Result "1-0"]
[WhiteCountry "GER"]
[BlackCountry "GER"]
[WhiteElo "2144"]
[WhiteRD "89"]
[BlackElo "2167"]
[BlackRD "79"]
[GameID "439790"]

1. c4 Nc6 2. d4 d5 3. Nc3 dxc4 4. Nf3 a6 5. d5 Nb8 6. e4 b5 7. a4 b4 8. Na2 Nf6 9. Bxc4 Nxe4 10. O-O Nd6
11. Bb3 a5 12. Re1 Bg4 13. Bf4 Nd7 14. Nc1 Bxf3 15. Qxf3 g6 16. Nd3 Bg7 17. Bg5 f6 18. Bf4 O-O 19. Qe2 Rf7 20. Rac1 f5
21. Qe3 Qc8 22. Rc6 Qb8 23. Qc1 Ra7 24. Be3 Ra8 25. f4 Bf6 26. Rxc7 Nf8 27. Ne5 Rg7 28. Rc5 Bxe5 29. fxe5 Nd7 30. exd6 Nxc5
31. Bxc5 exd6 32. Bd4 Rc7 33. Qf4 Rd7 34. h4 Qc7 35. h5 Rg7 36. Bxg7 Qxg7 37. hxg6 Qxg6 38. Re6
1-0

[Event "the 4th english slow knockout "]
[Site "SchemingMind.com"]
[Date "2019.08.07"]
[Round "-"]
[White "Iucounu"]
[Black "Matthew Bailey"]
[Result "0-1"]
[WhiteCountry "ENG"]
[BlackCountry "ENG"]
[WhiteElo "1632"]
[WhiteRD "87"]
[BlackElo "2232"]
[BlackRD "65"]
[GameID "444468"]

1. c4 e5 2. Nc3 Nf6 3. g3 Nc6 4. Bg2 Bb4 5. a3 Bxc3 6. dxc3 h6 7. Nf3 O-O 8. O-O d6 9. h3 Be6 10. b3 Nd7
11. Bb2 f5 12. Nd2 e4 13. e3 Nce5 14. Qe2 Nd3 15. Rab1 Qg5 16. h4 Qf6 17. Ba1 a5 18. b4 Qf7 19. f3 Qh5 20. Qd1 Qg6
21. Kh2 Nf6 22. c5 Nh5 23. g4 exf3 24. Bxf3 fxg4 25. Be4 Bf5 26. Bxf5 Rxf5 27. Qe2 g3+ 28. Kg1 Rf2 29. Qd1 Qf5 30. e4 Qh3
31. Qb3+ Kh8 32. Nf3 Qg2#
0-1

[Event "the 4th english slow knockout "]
[Site "SchemingMind.com"]
[Date "2019.08.07"]
[Round "-"]
[White "Matthew Bailey"]
[Black "Iucounu"]
[Result "1-0"]
[WhiteCountry "ENG"]
[BlackCountry "ENG"]
[WhiteElo "2232"]
[WhiteRD "65"]
[BlackElo "1632"]
[BlackRD "87"]
[GameID "444469"]

1. c4 e5 2. Nc3 Nf6 3. Nf3 Nc6 4. g3 Bb4 5. Bg2 Bxc3 6. bxc3 O-O 7. O-O d6 8. d3 Re8 9. Nd2 Bd7 10. Rb1 b6
11. Re1 Rb8 12. e4 Bg4 13. f3 Be6 14. Nf1 Qd7 15. Bg5 Qe7 16. f4 h6 17. Bh4 exf4 18. gxf4 Na5 19. e5 dxe5 20. fxe5 g5
21. exf6 Qxf6 22. Bg3 Rbc8 23. Be4 c6 24. Be5
1-0

[Event "the 4th english slow knockout "]
[Site "SchemingMind.com"]
[Date "2019.12.06"]
[Round "-"]
[White "Ramesh Panwar"]
[Black "splinter"]
[Result "1-0"]
[WhiteCountry "IND"]
[BlackCountry "CAN"]
[WhiteElo "2510"]
[WhiteRD "73"]
[BlackElo "1828"]
[BlackRD "75"]
[GameID "448882"]

1. c4 c5 2. Nf3 Nc6 3. e3 e6 4. d4 d5 5. dxc5 Bxc5 6. a3 dxc4 7. Qxd8+ Nxd8 8. Bxc4 Nf6 9. b4 Be7 10. Nbd2 O-O
11. O-O b6 12. Bb2 Bb7 13. Rfc1 Bd5 14. Bd3 Bxf3 15. Nxf3 Ne8 16. Be4 Rb8 17. Ne5 Nf6 18. Bf3 Nb7 19. Rc7 Nd5 20. Bxd5 exd5
21. Rxe7
1-0

[Event "the 4th english slow knockout "]
[Site "SchemingMind.com"]
[Date "2019.12.06"]
[Round "-"]
[White "splinter"]
[Black "Ramesh Panwar"]
[Result "0-1"]
[WhiteCountry "CAN"]
[BlackCountry "IND"]
[WhiteElo "1816"]
[WhiteRD "76"]
[BlackElo "2525"]
[BlackRD "66"]
[GameID "448883"]

1. c4 e5 2. Nc3 Nf6 3. Nf3 Nc6 4. g3 Bb4 5. Bg2 d6 6. O-O O-O 7. Nd5 Bc5 8. d3 Nxd5 9. cxd5 Nd4 10. Nxd4 Bxd4
11. e3 Bb6 12. b3 Qg5 13. Kh1 Bg4 14. f3 Bd7 15. Qe2 Qh5 16. Bd2 f5 17. e4 f4 18. g4 Qf7 19. Rac1 a5 20. a4 c6
21. dxc6 bxc6 22. Rb1 Bd4 23. Rfc1 h5 24. Rf1 hxg4 25. fxg4 Be6 26. Qd1 c5 27. h4 Rfb8 28. h5 Rxb3 29. Qf3 c4 30. Rxb3 cxb3
31. Bh3 b2 32. g5 Bxh3 33. Qxh3 Qb3 34. g6 b1=Q 35. h6 Q1xd3
0-1

[Event "the 4th english slow knockout "]
[Site "SchemingMind.com"]
[Date "2019.12.22"]
[Round "-"]
[White "Clive Everill"]
[Black "spoke"]
[Result "1-0"]
[WhiteCountry "CZE"]
[BlackCountry "GER"]
[WhiteElo "1779"]
[WhiteRD "57"]
[BlackElo "1777"]
[BlackRD "87"]
[GameID "449315"]

1. c4 Nf6 2. Nc3 g6 3. e4 d6 4. d4 Bg7 5. Nf3 O-O 6. h3 e5 7. d5 Na6 8. Bg5 c5 9. Qd2 Bd7 10. Bd3 Nc7
11. a4 a5 12. Nb5 Bxb5 13. axb5 b6 14. O-O h5 15. Bh6 Nh7 16. Bxg7 Kxg7 17. Nh2 Qg5 18. f4 exf4 19. Rxf4 Qe5 20. Nf3 Qe7
21. Rf1 Rae8 22. Qe2 Ng5 23. Nh4 Nxh3+ 24. gxh3 Qe5 25. Qf2 Qd4 26. Qxd4+ cxd4 27. Rf6
1-0

[Event "the 4th english slow knockout "]
[Site "SchemingMind.com"]
[Date "2019.12.22"]
[Round "-"]
[White "spoke"]
[Black "Clive Everill"]
[Result "1/2-1/2"]
[WhiteCountry "GER"]
[BlackCountry "CZE"]
[WhiteElo "1777"]
[WhiteRD "87"]
[BlackElo "1779"]
[BlackRD "57"]
[GameID "449316"]

1. c4 Nf6 2. Nc3 g6 3. d4 Bg7 4. e4 O-O 5. Nf3 d6 6. Be2 Nbd7 7. O-O e5 8. d5 Nc5 9. Qc2 a5 10. Bg5 h6
11. Bh4 g5 12. Bg3 Nh5 13. a3 f5 14. h3 Nxg3 15. fxg3 fxe4 16. Nxe4 Bf5 17. Bd3 Nxd3 18. Qxd3 Bh7 19. Qe3 Qd7 20. Nf2 b6
21. Rac1 Rae8 22. g4 e4 23. Nd4 Bxd4 24. Qxd4 Rf7 25. Rce1 Rfe7 26. Re3 Re5 27. b4 axb4 28. axb4 Qa4 29. b5 Qa8 30. Rfe1 Qa5
31. Nxe4 Bxe4 32. Rxe4 Rxe4 33. Rxe4 Rxe4 34. Qxe4 Qc3 35. Qg6+=
1/2-1/2

[Event "the 4th english slow knockout "]
[Site "SchemingMind.com"]
[Date "2019.12.18"]
[Round "-"]
[White "frankly"]
[Black "ffi"]
[Result "1-0"]
[WhiteCountry "ENG"]
[BlackCountry "TUR"]
[WhiteElo "2586"]
[WhiteRD "70"]
[BlackElo "1982"]
[BlackRD "119"]
[GameID "449339"]

1. c4 Nf6 2. d4 g6 3. Nc3 Bg7 4. e4 d6 5. Nf3 O-O 6. Be2 e5 7. O-O Nc6 8. d5 Ne7 9. b4 Nh5 10. Re1 a5
11. bxa5 c5 12. Nd2
1-0

[Event "the 4th english slow knockout "]
[Site "SchemingMind.com"]
[Date "2019.12.22"]
[Round "-"]
[White "Arnold Jones"]
[Black "Cheesemaster"]
[Result "1-0"]
[WhiteCountry "ENG"]
[BlackCountry "CAN"]
[WhiteElo "1583"]
[WhiteRD "68"]
[BlackElo "1139"]
[BlackRD "97"]
[GameID "449472"]

1. c4 e5 2. Nc3 d6 3. Nf3 f5 4. e4 Nf6 5. d3 Be7 6. Be2 O-O 7. Bg5 Nc6 8. Bxf6 Bxf6 9. Nd5 Be6 10. b3 Bxd5
11. cxd5 Ne7 12. O-O Rc8 13. Rc1 fxe4 14. dxe4 Ng6 15. g3
1-0

[Event "the 4th english slow knockout "]
[Site "SchemingMind.com"]
[Date "2019.12.22"]
[Round "-"]
[White "Cheesemaster"]
[Black "Arnold Jones"]
[Result "0-1"]
[WhiteCountry "CAN"]
[BlackCountry "ENG"]
[WhiteElo "1139"]
[WhiteRD "97"]
[BlackElo "1583"]
[BlackRD "68"]
[GameID "449473"]

1. c4 Nf6 2. d4 e6 3. Nc3 Bb4 4. Qc2 Bxc3+ 5. bxc3 d6 6. e4 c6 7. Nf3 Qc7 8. Bd3 e5 9. Bg5 Nbd7 10. O-O b6
11. Rac1 Bb7 12. d5 c5 13. Nd2 Nh5 14. Be3 Nf4
0-1

[Event "the 4th english slow knockout "]
[Site "SchemingMind.com"]
[Date "2019.12.24"]
[Round "-"]
[White "echecs"]
[Black "Thomas Jacob Kelly"]
[Result "1-0"]
[WhiteCountry "ENG"]
[BlackCountry "USA"]
[WhiteElo "1827"]
[WhiteRD "75"]
[BlackElo "1759"]
[BlackRD "81"]
[GameID "449515"]

1. c4 g6 2. e3 Nf6 3. d4 d6 4. Nc3 Bg7 5. Nf3 Nbd7 6. Be2 O-O 7. O-O Re8 8. Rb1 a5 9. a4 c6 10. b3 Nb6
11. Qc2 Qc7 12. Bd3 Bd7 13. Ne4 Rad8 14. Nxf6+ exf6 15. Bb2 Be6 16. Rfe1 d5 17. c5 Nd7 18. Bc3 b6 19. cxb6 Qxb6 20. Qd2 Ra8
21. Rec1 Nb8 22. Bc2 Bf8 23. b4 axb4 24. Bxb4 Bxb4 25. Qxb4 Qxb4 26. Rxb4 Na6 27. Rb6 c5 28. dxc5 Nxc5 29. Rb4 Rec8 30. Ra1 Kg7
31. Nd4 Rc7 32. h3 f5 33. Bd1 Bd7 34. Bf3 Rxa4 35. Rbxa4 Bxa4 36. Bxd5 Bd7 37. Rc1 Rc8 38. Ra1 Ne4 39. f3 Ng3 40. Kh2 Nh5
41. Bb3 Nf6 42. Kg3 Rc3 43. Re1 Bc6 44. Ba2 Nd5 45. Nxc6 Nxe3 46. Nd8 Nxg2 47. Re2 Ne3 48. Nxf7 Kf6 49. Nd6 g5 50. Kf2 Ra3
51. Nb5 Ra5 52. Kxe3 Rxb5 53. Kf2 Re5 54. Rc2 h5 55. Rc6+ Kg7= 56. Bb1 h4 57. Bc2 Kf7 58. Rb6 Ke7 59. Bd3 f4 60. Be4 Ra5
61. Ke2 Ra2+ 62. Kd3 Rh2 63. Bf5 Rg2 64. Bg4 Ra2 65. Ke4 Ra5 66. Re6+ Kd8 67. Re5
1-0

[Event "the 4th english slow knockout "]
[Site "SchemingMind.com"]
[Date "2019.12.25"]
[Round "-"]
[White "Thomas Jacob Kelly"]
[Black "echecs"]
[Result "1-0"]
[WhiteCountry "USA"]
[BlackCountry "ENG"]
[WhiteElo "1796"]
[WhiteRD "79"]
[BlackElo "1803"]
[BlackRD "79"]
[GameID "449516"]

1. c4 c5 2. b3 b6 3. Bb2 Nc6 4. e3 Bb7 5. d4 cxd4 6. exd4 Nf6 7. a3 g6 8. d5 Nb8 9. Nd2 Bg7 10. Qe2 O-O
11. O-O-O Na6 12. g4 Rc8 13. Kb1 Nc5 14. h4 e6 15. h5 exd5 16. h6 Bh8 17. f3 dxc4 18. Nxc4 Nxb3 19. g5 Nh5 20. Bxh8 Qxg5
21. Qb2 Qxh6 22. Ka2 Nc5 23. Nd6 Rcd8 24. Rxh5 gxh5 25. Nf5 Qe6+ 26. Ka1 f6 27. Qg2+ Kf7 28. Qg7+ Ke8 29. Nd6+
1-0

[Event "the 4th english slow knockout "]
[Site "SchemingMind.com"]
[Date "2020.01.27"]
[Round "-"]
[White "wight knight"]
[Black "Olli Ylönen"]
[Result "0-1"]
[WhiteCountry "ENG"]
[BlackCountry "FIN"]
[WhiteElo "1316"]
[WhiteRD "53"]
[BlackElo "1879"]
[BlackRD "79"]
[GameID "450560"]

1. c4 e5 2. e4 Nf6 3. f3 Bc5 4. g4 Nxg4 5. h4 Nf2 6. Qe2 Nxh1 7. Qh2 d6 8. Qxh1 Nc6 9. Bh3 Qxh4+ 10. Kd1 Bxg1
11. Qxg1 Qxh3 12. Qxg7 Qf1+ 13. Kc2 Nd4+ 14. Kc3 Qxc1+ 15. Kd3 Qf1+ 16. Kc3 Qxf3+ 17. d3 Rf8 18. Nd2 Qh5 19. Qg3 Ne2+
0-1

[Event "the 4th english slow knockout "]
[Site "SchemingMind.com"]
[Date "2020.01.27"]
[Round "-"]
[White "Olli Ylönen"]
[Black "wight knight"]
[Result "1-0"]
[WhiteCountry "FIN"]
[BlackCountry "ENG"]
[WhiteElo "1894"]
[WhiteRD "89"]
[BlackElo "1273"]
[BlackRD "54"]
[GameID "450561"]

1. c4 e5 2. Nc3 Bb4 3. Nd5 Bd6 4. d4 c6 5. dxe5 Bxe5 6. Nf3 f6 7. Nxe5 fxe5 8. Nc3 b6 9. e4 Ba6 10. b3 b5
11. cxb5 cxb5 12. Nxb5 Bxb5 13. Qh5+ Kf8 14. Qxe5 Bxf1 15. Ba3+ Ne7 16. Bxe7+ Qxe7 17. Qxe7+ Kxe7 18. Rxf1 Nc6 19. O-O-O Nb4 20. Kb2 Rac8
21. Rd2 Rc6 22. Rfd1 Rd8 23. e5 Ke6 24. a3 Rc2+ 25. Rxc2 Nxc2 26. Kxc2 Kxe5 27. b4 d5 28. a4 d4 29. b5 Ke4 30. Kb3 Rc8
31. Kb4 Rc2 32. Ka5 Rxf2 33. Ra1 Rxg2 34. Ka6 Rxh2 35. Kxa7 d3 36. b6 Ke3 37. b7 Rb2 38. b8=Q Rxb8 39. Kxb8 Ke2 40. a5 d2
41. a6 d1=Q 42. Rxd1 Kxd1 43. a7
1-0

[Event "the 4th english slow knockout "]
[Site "SchemingMind.com"]
[Date "2020.02.25"]
[Round "-"]
[White "Arnold Jones"]
[Black "echecs"]
[Result "1-0"]
[WhiteCountry "ENG"]
[BlackCountry "ENG"]
[WhiteElo "1606"]
[WhiteRD "70"]
[BlackElo "1776"]
[BlackRD "72"]
[GameID "451718"]

1. c4 c5 2. Nc3 Nc6 3. e3 e6 4. d4 cxd4 5. exd4 Nf6 6. Be2 Be7 7. Be3 O-O 8. d5 exd5 9. cxd5 Nb4 10. d6 Bxd6
11. Qxd6 Nc2+ 12. Kf1 Nxa1 13. Qd1 Qa5 14. Bf3 Rd8 15. Nge2 Qb4 16. Qxa1 Ng4 17. Bd4 d6 18. Nd5 Qc4 19. b3 Qd3 20. Bxg7 Ne5
21. Nf4 Qb5 22. Bf6 Re8 23. Nd5 Nxf3 24. Ne7+ Kf8 25. gxf3 Bh3+ 26. Ke1 Rxe7 27. Bxe7+ Kxe7 28. Qd4 Bf5 29. Kd2 Rc8 30. Nc3 Qa5
31. Re1+ Kd7 32. Qf6 Be6 33. Re3 b5 34. Rd3 b4 35. Ne4 d5 36. Qf4 Qb6 37. Nf6+ Kd8 38. Qh4 Kc7 39. Qf4+ Kb7 40. Ng4 Qc5
41. Ke2 Rc7 42. Ne3 Qb5 43. Qd4 Ka6 44. f4 Rc5 45. Kf3 Bd7 46. a3 Rc3 47. Rxc3 bxc3 48. Qxc3 Bc6 49. Kg4 Bd7+ 50. Kg3 Bc6
51. b4 Kb7 52. Nf5 Qf1 53. Nd6+ Kb8 54. Qxc6 Qg1+ 55. Kh3 Qf1+ 56. Kg3 Qg1+ 57. Kf3 Qh1+ 58. Ke2
1-0

[Event "the 4th english slow knockout "]
[Site "SchemingMind.com"]
[Date "2020.02.25"]
[Round "-"]
[White "echecs"]
[Black "Arnold Jones"]
[Result "0-1"]
[WhiteCountry "ENG"]
[BlackCountry "ENG"]
[WhiteElo "1776"]
[WhiteRD "72"]
[BlackElo "1606"]
[BlackRD "70"]
[GameID "451719"]

1. c4 Nf6 2. Nc3 e6 3. e3 c5 4. Nf3 Nc6 5. Be2 d6 6. O-O Be7 7. a3 a6 8. d3 O-O 9. Rb1 d5 10. cxd5 exd5
11. Re1 b5 12. Bf1 Bg4 13. h3 Bxf3 14. Qxf3 Ne5 15. Qd1 Qd7 16. d4 Ng6 17. dxc5 Bxc5 18. b4 Bb6 19. Bb2 Rae8 20. Ne2 Ne4
21. Nc3 Qf5 22. Bd3 Qxf2+ 23. Kh1 Ng3+ 24. Kh2 Nh4 25. Rg1 Nf1+ 26. Qxf1 Bc7+ 27. Kh1 Qg3 28. Bxh7+ Kh8 29. Qf4 Bxf4 30. exf4 Kxh7
31. Rbd1 Nf3
0-1

[Event "the 4th english slow knockout "]
[Site "SchemingMind.com"]
[Date "2020.03.19"]
[Round "-"]
[White "Johnny Owens"]
[Black "flyinduck"]
[Result "1-0"]
[WhiteCountry "USA"]
[BlackCountry "CAN"]
[WhiteElo "1953"]
[WhiteRD "70"]
[BlackElo "2094"]
[BlackRD "61"]
[GameID "452479"]

1. c4 e5 2. g3 Nf6 3. Bg2 c6 4. Nc3 Bb4 5. Qb3 Qe7 6. Nf3 O-O 7. O-O Rd8 8. Nxe5 d5 9. d4 c5 10. Nxd5 Nxd5
11. Bxd5 cxd4 12. Bg5 Qxg5 13. Nxf7
1-0

[Event "the 4th english slow knockout "]
[Site "SchemingMind.com"]
[Date "2020.03.19"]
[Round "-"]
[White "flyinduck"]
[Black "Johnny Owens"]
[Result "0-1"]
[WhiteCountry "CAN"]
[BlackCountry "USA"]
[WhiteElo "2078"]
[WhiteRD "64"]
[BlackElo "2080"]
[BlackRD "65"]
[GameID "452480"]

1. c4 e6 2. Nf3 f5 3. g3 Nf6 4. Bg2 Be7 5. O-O O-O 6. d4 d5 7. b3 c6 8. Ba3 Bxa3 9. Nxa3 Qe7 10. Nc2 Nbd7
11. Nce1 b6 12. Nd3 Bb7 13. Nfe5 Nxe5 14. Nxe5 c5 15. dxc5 bxc5 16. Rc1 d4 17. Bxb7 Qxb7 18. f4 Ne4 19. Qd3 Rfd8 20. g4 a5
21. Rb1 Ra6 22. g5 Rb6 23. Nf3 Qc7 24. Nd2 Nc3 25. Rbe1 Nxa2 26. e4 dxe3 27. Qxe3 Nb4 28. Re2 Rd4 29. Rff2 Nd3 30. Nf3 Nxf2
31. Nxd4 cxd4 32. Qxf2 d3 33. Rd2 Rxb3 34. Qd4 a4 35. Rxd3 Rxd3 36. Qxd3 Qa7+ 37. Kg2 a3 38. Qe2 Qa8+ 39. Kg3 a2
0-1

[Event "the 4th english slow knockout "]
[Site "SchemingMind.com"]
[Date "2020.03.28"]
[Round "-"]
[White "Raymond de Kemp"]
[Black "Uzi Mike"]
[Result "0-1"]
[WhiteCountry "NED"]
[BlackCountry "USA"]
[WhiteElo "1834"]
[WhiteRD "66"]
[BlackElo "2305"]
[BlackRD "73"]
[GameID "452668"]

1. c4 e5 2. Nc3 Nf6 3. Nf3 Nc6 4. d4 e4 5. Ng5 Bb4 6. d5 Bxc3+ 7. bxc3 Nb8 8. Qd4 Qe7 9. c5 b6 10. d6 bxc5
11. dxe7 cxd4 12. cxd4 h6 13. Nh3 Ba6 14. Ba3 Nc6 15. e3 Bxf1 16. Rxf1 Nxe7 17. Nf4 d6 18. f3 O-O 19. Kf2 Nf5 20. fxe4 Nxe4+
21. Kg1 Nxe3 22. Rf3 Nc2 23. Rc1 Nxd4 24. Re3 f5 25. Bb2 c5 26. Ng6 Rfe8 27. Bxd4 cxd4 28. Rf3 Nc3 29. Rxf5 Ne2+
0-1

[Event "the 4th english slow knockout "]
[Site "SchemingMind.com"]
[Date "2020.03.29"]
[Round "-"]
[White "Uzi Mike"]
[Black "Raymond de Kemp"]
[Result "1-0"]
[WhiteCountry "USA"]
[BlackCountry "NED"]
[WhiteElo "2215"]
[WhiteRD "78"]
[BlackElo "1822"]
[BlackRD "63"]
[GameID "452669"]

1. c4 e5 2. Nc3 Bb4 3. Nd5 Be7 4. d4 d6 5. e4 Nf6 6. Nf3 Nxe4 7. Bd3 Nf6 8. O-O Nxd5 9. cxd5 exd4 10. Nxd4 O-O
11. Qc2 g6 12. Bh6 Re8 13. Rae1 Bf6 14. Rxe8+ Qxe8 15. Nb5 Na6 16. Nxc7 Nxc7 17. Qxc7 Qd7 18. Re1 Be5 19. Rxe5 dxe5 20. Qxe5
1-0

[Event "the 4th english slow knockout "]
[Site "SchemingMind.com"]
[Date "2020.04.25"]
[Round "-"]
[White "Mihir Chandrashekhar"]
[Black "David Connolly"]
[Result "0-1"]
[WhiteCountry "IND"]
[BlackCountry "WLS"]
[WhiteElo "1733"]
[WhiteRD "65"]
[BlackElo "2051"]
[BlackRD "72"]
[GameID "454057"]

1. c4 c5 2. Nc3 g6 3. g3 Bg7 4. Bg2 Nc6 5. Nf3 d6 6. O-O e6 7. e3 Nge7 8. d4 O-O 9. a3 b6 10. Rb1 Bb7
11. Qc2 Rc8 12. b3 cxd4 13. exd4 a6 14. Bb2 Bxd4 15. Ne4 Bxb2 16. Qxb2 e5 17. Nf6+ Kg7 18. Nxe5 dxe5 19. f4 Kxf6 20. fxe5+ Kg7
21. Rf6 Kg8
0-1

[Event "the 4th english slow knockout "]
[Site "SchemingMind.com"]
[Date "2020.04.25"]
[Round "-"]
[White "David Connolly"]
[Black "Mihir Chandrashekhar"]
[Result "1-0"]
[WhiteCountry "WLS"]
[BlackCountry "IND"]
[WhiteElo "2051"]
[WhiteRD "72"]
[BlackElo "1733"]
[BlackRD "65"]
[GameID "454058"]

1. c4 Nf6 2. Nf3 c5 3. Nc3 Nc6 4. d4 cxd4 5. Nxd4 a6 6. e4 d6 7. Be2 e6 8. O-O Be7 9. Be3 O-O 10. Rc1 Bd7
11. Kh1 Rc8 12. Nb3 Qc7 13. Nd2 Qb8 14. f4 Rfd8 15. a3 Be8 16. b4 d5 17. cxd5 exd5 18. e5 Ne4 19. Ndxe4 dxe4 20. Qb3 Nd4
21. Bxd4 Rxd4 22. Bg4 Rcd8 23. Rce1 Rd3 24. Rxe4 Bc6 25. Ree1 Bh4 26. Rd1 Rd2 27. Bf3 Bxf3 28. Rxf3
1-0

[Event "the 4th english slow knockout "]
[Site "SchemingMind.com"]
[Date "2020.05.23"]
[Round "-"]
[White "Holty"]
[Black "Darnell"]
[Result "0-1"]
[WhiteCountry "ENG"]
[BlackCountry "CAN"]
[WhiteElo "1766"]
[WhiteRD "62"]
[BlackElo "1624"]
[BlackRD "125"]
[GameID "455357"]

1. c4 Nf6 2. d4 c5 3. d5 b5 4. cxb5 a6 5. bxa6 g6 6. Nc3 Bg7 7. e4 O-O 8. a7 Na6 9. Nf3 d6 10. Be2 Rxa7
11. O-O Bd7 12. Qc2 Nb4 13. Qd2 Qc7 14. a3 Bc8 15. b3 Bb7 16. Qe3 Nc2 17. Nb5 Nxe3 18. Nxc7 Nxf1 19. Bb2 Nxh2 20. Nxh2 Nxe4
21. Bxg7 Kxg7 22. Nf3 Nc3 23. Bc4 Rc8 24. Nb5 Nxb5 25. Bxb5 Bxd5 26. b4 cxb4 27. a4 Bxf3 28. gxf3 Rb8 29. Rb1 Kf6 30. Rxb4 Rxa4
31. Rxa4 Rxb5 32. Ra8 Rb7 33. Kg2 Rd7 34. f4 d5 35. Kf3 d4 36. Ke2 d3+ 37. Kd2 Kg7 38. Ra5 e6 39. f3 h5 40. Rg5 Rd8
41. Rg1 Kf6 42. Rg5 Rd5 43. Rg1 Kf5
0-1

[Event "the 4th english slow knockout "]
[Site "SchemingMind.com"]
[Date "2020.05.23"]
[Round "-"]
[White "Darnell"]
[Black "Holty"]
[Result "1-0"]
[WhiteCountry "CAN"]
[BlackCountry "ENG"]
[WhiteElo "1631"]
[WhiteRD "116"]
[BlackElo "1707"]
[BlackRD "60"]
[GameID "455358"]

1. c4 f5 2. Nf3 Nf6 3. d4 e6 4. a3 b6 5. Bf4 Bb7 6. e3 Be7 7. Be2 O-O 8. Nbd2 d6 9. Qc2 Ne4 10. Nxe4 fxe4
11. Nd2 Bg5 12. Bxg5 Qxg5 13. O-O Qg6 14. f3 Qg5 15. f4 Qg6 16. b4 Nd7 17. Rab1 Rac8 18. Qa4 Nf6 19. Qxa7 Rb8 20. Qa4 Ra8
21. Qb3 d5 22. c5 Ba6 23. b5 Bc8 24. c6 Ne8 25. Ra1 Nd6 26. Rfb1 h5 27. Qd1 Nf5 28. Nf1 Nh4 29. Ng3 Nf3+ 30. gxf3 h4
31. fxe4 hxg3 32. e5 gxh2+ 33. Kxh2 Rf5 34. Bg4 Qh6+ 35. Kg3 Rf7 36. Qh1 Qg6 37. Qd1 Rf5 38. Qe2 Kf7 39. Rh1 Ke7 40. Qc2 Bd7
41. cxd7 Rd8 42. Qxc7 Rxd7 43. Qxb6 Rf8 44. Qc5+ Kf7 45. Qc1 Ke7 46. Qb1 Qf7 47. b6 Rb7 48. Qb4+ Kd8 49. a4 Qd7 50. Qxf8+ Qe8
51. Qxe8+ Kxe8 52. a5
1-0

[Event "the 4th english slow knockout "]
[Site "SchemingMind.com"]
[Date "2020.05.30"]
[Round "-"]
[White "Daryl Fouard"]
[Black "ray winteringham"]
[Result "1-0"]
[WhiteCountry "USA"]
[BlackCountry "ENG"]
[WhiteElo "1777"]
[WhiteRD "116"]
[BlackElo "1475"]
[BlackRD "50"]
[GameID "455793"]

1. c4 b5 2. cxb5 a6 3. Qa4 e5 4. Qe4 d5 5. Qxe5+ Be6 6. f4 Nf6 7. f5 Bd6 8. Qe3 O-O 9. fxe6 fxe6 10. Qxe6+ Kh8
11. bxa6 Rxa6 12. Qh3 Nbd7 13. e4 Re8 14. Bxa6 Rxe4+ 15. Ne2 Bc5 16. Nc3 Re7 17. d4 Bxd4 18. Bd2 Qe8 19. O-O-O Rxe2 20. Bxe2 h6
21. Bxh6 gxh6 22. Qxh6+ Nh7 23. Rxd4 Qxe2 24. Nxe2
1-0

[Event "the 4th english slow knockout "]
[Site "SchemingMind.com"]
[Date "2020.05.30"]
[Round "-"]
[White "ray winteringham"]
[Black "Daryl Fouard"]
[Result "0-1"]
[WhiteCountry "ENG"]
[BlackCountry "USA"]
[WhiteElo "1475"]
[WhiteRD "50"]
[BlackElo "1777"]
[BlackRD "116"]
[GameID "455794"]

1. c4 Nf6 2. Nf3 c6 3. Nc3 e6 4. e4 Bb4 5. b3 Bxc3 6. dxc3 Nxe4 7. Ne5 Qf6 8. f4 Qh4+ 9. g3 Qf6 10. Qc2 d5
11. Bg2 Nd6 12. O-O dxc4 13. b4 O-O 14. Be3 Rd8 15. Bd4 Qf5 16. Qe2 Nb5 17. Be4 Nxd4 18. cxd4 Qf6 19. Qxc4 Qe7 20. Rfe1 f6
21. Ng4 f5 22. Bxf5 Kh8 23. Bxe6 Bxe6 24. Rxe6 Qf7 25. Rae1 Qg8 26. Qe2 Na6 27. a3 Nc7 28. Re7 Nb5 29. Qe5 Nxd4 30. Nh6 Nf3+
31. Kf2 Nxe5 32. Nxg8 Nd3+ 33. Kf3 Nxe1+ 34. Ke2 Kxg8 35. Kxe1 Re8
0-1

[Event "the 4th english slow knockout "]
[Site "SchemingMind.com"]
[Date "2020.06.02"]
[Round "-"]
[White "John Hamer"]
[Black "Robert Hatfield"]
[Result "1-0"]
[WhiteCountry "ENG"]
[BlackCountry "USA"]
[WhiteElo "1921"]
[WhiteRD "61"]
[BlackElo "1792"]
[BlackRD "66"]
[GameID "455924"]

1. c4 e5 2. Nc3 Nc6 3. g3 Nf6 4. Bg2 Bc5 5. Nf3 d6 6. O-O a6 7. d3 h6 8. a3 Be6 9. b4 Bd4 10. Bb2 O-O
11. Nxd4 exd4 12. Nd5 Bf5 13. f4 Re8 14. Qd2 Ng4 15. Rac1 Ne3 16. Nxe3 dxe3 17. Qc3 f6 18. Bd5+ Kh7 19. b5 axb5 20. cxb5 Ne7
21. Bxb7 Bh3 22. Be4+ f5 23. Qxg7#
1-0

[Event "the 4th english slow knockout "]
[Site "SchemingMind.com"]
[Date "2020.06.02"]
[Round "-"]
[White "Robert Hatfield"]
[Black "John Hamer"]
[Result "0-1"]
[WhiteCountry "USA"]
[BlackCountry "ENG"]
[WhiteElo "1792"]
[WhiteRD "66"]
[BlackElo "1921"]
[BlackRD "61"]
[GameID "455925"]

1. c4 Nf6 2. g3 g6 3. Bg2 Bg7 4. Nf3 O-O 5. Nc3 d6 6. O-O c5 7. d3 Nc6 8. Bd2 a6 9. Nd5 Rb8 10. Bc3 b5
11. Nxf6+ Bxf6 12. Bxf6 exf6 13. Qd2 Qb6 14. Qh6 Bd7 15. b3 Rfe8 16. Rae1 Nb4 17. e4 Nxd3 18. Re3 bxc4 19. bxc4 Ne5 20. Rb3 Qa7
21. Rfb1 Nxc4
0-1